00353nam a2200133 4500020001500000082001400015100001600029245006300045260002500108300000800133490003200141520001200173650003400185 a9552306353 a541.3 BAN aBandarage,G aphysical chemistry Part IV :Physical Chemistry Practicals aColombo bOUSLc1996 a30p aphysical chemistry CHU 2124 aLevel 4 aphysical chemistry,practicals